<?xml version="1.0" encoding="UTF-8"?>
<marc:record xmlns:marc="http://www.loc.gov/MARC21/slim">
   <marc:leader>00000nam a2200000 a 4500</marc:leader>
   <marc:datafield ind1="1" ind2=" " tag="100">
      <marc:subfield code="a">Vertacnik, Hans-Peter</marc:subfield>
      <marc:subfield code="4">aut</marc:subfield>
      <marc:subfield code="e">Verfasser/-in</marc:subfield>
   </marc:datafield>
   <marc:datafield ind1=" " ind2=" " tag="653">
      <marc:subfield code="a">Wien</marc:subfield>
   </marc:datafield>
   <marc:datafield ind1=" " ind2=" " tag="653">
      <marc:subfield code="a">Mord</marc:subfield>
   </marc:datafield>
   <marc:datafield ind1=" " ind2=" " tag="653">
      <marc:subfield code="a">Mafia</marc:subfield>
   </marc:datafield>
   <marc:datafield ind1="0" ind2="0" tag="245">
      <marc:subfield code="a">Donauwölfe</marc:subfield>
   </marc:datafield>
   <marc:datafield ind1="0" ind2="0" tag="245">
      <marc:subfield code="b">Kriminalroman</marc:subfield>
   </marc:datafield>
   <marc:datafield ind1=" " ind2="1" tag="264">
      <marc:subfield code="b">Emons</marc:subfield>
      <marc:subfield code="c">2015</marc:subfield>
   </marc:datafield>
   <marc:datafield ind1="1" ind2=" " tag="520">
      <marc:subfield code="a">Der Chef der Wiener Russenmafia wird brutal ermordet, und der Landeskriminaldirektor höchstpersönlich gerät unter Verdacht, mit der organisierten Kriminalität gemeinsame Sache zu machen. Ausgerechnet der in die Technikabteilung entsorgte Major Radek Kubica soll als geheimer Ermittler Licht ins Dunkel bringen. Doch kaum beginnt er zu recherchieren, fallen seine Widersacher wie ein Rudel Wölfe über ihn her. Nicht nur jene aus der Unterwelt, sondern auch die aus den eigenen Reihen. Ein Kampf auf Leben und Tod beginnt.</marc:subfield>
   </marc:datafield>
   <marc:datafield ind1=" " ind2=" " tag="020">
      <marc:subfield code="a">9783954514885</marc:subfield>
      <marc:subfield code="9">9783954514885</marc:subfield>
   </marc:datafield>
</marc:record>
